<?xml version="1.0" encoding="UTF-8"?>
<record
    xmlns:xsi="http://www.w3.org/2001/XMLSchema-instance"
    xsi:schemaLocation="http://www.loc.gov/MARC21/slim http://www.loc.gov/standards/marcxml/schema/MARC21slim.xsd"
    xmlns="http://www.loc.gov/MARC21/slim">

  <leader>02401    a2200217   4500</leader>
  <datafield tag="999" ind1=" " ind2=" ">
    <subfield code="c">26616</subfield>
    <subfield code="d">26616</subfield>
  </datafield>
  <controlfield tag="008">230621b           ||||| |||| 00| 0 eng d</controlfield>
  <datafield tag="020" ind1=" " ind2=" ">
    <subfield code="a">9781398604438</subfield>
    <subfield code="c">GBP39.99</subfield>
  </datafield>
  <datafield tag="041" ind1="0" ind2=" ">
    <subfield code="a">eng</subfield>
  </datafield>
  <datafield tag="082" ind1="0" ind2="0">
    <subfield code="a">658.5</subfield>
    <subfield code="b">G7611</subfield>
  </datafield>
  <datafield tag="100" ind1=" " ind2=" ">
    <subfield code="a">Grant, David B. </subfield>
  </datafield>
  <datafield tag="245" ind1=" " ind2=" ">
    <subfield code="a">Sustainable Logistics and Supply Chain Management : Principles and Practices for Sustainable Operations and Management /</subfield>
  </datafield>
  <datafield tag="250" ind1=" " ind2=" ">
    <subfield code="a">3rd ed.</subfield>
  </datafield>
  <datafield tag="260" ind1=" " ind2=" ">
    <subfield code="a">London:</subfield>
    <subfield code="b">Kogan Page Limited,</subfield>
    <subfield code="c">2023.</subfield>
  </datafield>
  <datafield tag="300" ind1=" " ind2=" ">
    <subfield code="a">xiii, 288 p. :</subfield>
    <subfield code="b">ill. ;</subfield>
    <subfield code="c">24 cm</subfield>
  </datafield>
  <datafield tag="505" ind1="0" ind2=" ">
    <subfield code="a">Chapter - 00: Introduction;Chapter - 01: Logistics and supply chain management;Chapter - 02: Science of sustainability;Chapter - 03: Freight transport;Chapter - 04: Sustainable warehousing;Chapter - 05: Product design, cleaner production and packaging;Chapter - 06: Sustainable purchasing and procurement;Chapter - 07: Reverse logistics and recycling;Chapter - 08: Risk, resilience and corporate social responsibility;Chapter - 09: Sustainable logistics and supply chain management strategy</subfield>
  </datafield>
  <datafield tag="520" ind1=" " ind2=" ">
    <subfield code="a">Our daily lives are permeated by the activities of logistics and supply chain, from food and clothing to doorstep deliveries. As these processes have the ability to significantly impact the natural environment, it has never been so important to develop and implement sustainable principles and practices.

Sustainable Logistics and Supply Chain Management is an essential textbook for undergraduate and postgraduate students for understanding sustainability as it pertains to logistics operations. This book covers the direct environmental impacts of logistics and supply chain processes, including emissions and waste, as well as how wider changes such as globalization need to be given similar considerations. Presenting different pathways to guide readers, case studies and supported by extensive research, this book provides all the support needed to understand and implement a sustainable approach.

Now in its third edition, Sustainable Logistics and Supply Chain Management is fully updated with the latest research and data including trends in logistics and supply chain management and new cases. Online resources include instructor manuals, lecturer slides and a complied list of figures and tables.</subfield>
  </datafield>
  <datafield tag="650" ind1=" " ind2="0">
    <subfield code="a">Business Logistics</subfield>
  </datafield>
  <datafield tag="700" ind1=" " ind2=" ">
    <subfield code="9">5515</subfield>
    <subfield code="a">Trautrims, Alexander</subfield>
  </datafield>
  <datafield tag="700" ind1=" " ind2=" ">
    <subfield code="9">5516</subfield>
    <subfield code="a">Wong, Chee Yew</subfield>
  </datafield>
  <datafield tag="942" ind1=" " ind2=" ">
    <subfield code="2">ddc</subfield>
    <subfield code="c">BK</subfield>
  </datafield>
  <datafield tag="952" ind1=" " ind2=" ">
    <subfield code="0">0</subfield>
    <subfield code="1">0</subfield>
    <subfield code="2">ddc</subfield>
    <subfield code="4">0</subfield>
    <subfield code="6">658_500000000000000_G7611</subfield>
    <subfield code="7">0</subfield>
    <subfield code="9">51336</subfield>
    <subfield code="a">CL</subfield>
    <subfield code="b">CL</subfield>
    <subfield code="c">REF</subfield>
    <subfield code="d">2023-06-21</subfield>
    <subfield code="e">4</subfield>
    <subfield code="g">2666.62</subfield>
    <subfield code="o">658.5 G7611</subfield>
    <subfield code="p">14038</subfield>
    <subfield code="r">2023-06-21</subfield>
    <subfield code="v">4042.79</subfield>
    <subfield code="y">BK</subfield>
  </datafield>
  <datafield tag="952" ind1=" " ind2=" ">
    <subfield code="0">0</subfield>
    <subfield code="1">0</subfield>
    <subfield code="2">ddc</subfield>
    <subfield code="4">0</subfield>
    <subfield code="6">658_500000000000000_G7611</subfield>
    <subfield code="7">0</subfield>
    <subfield code="9">51337</subfield>
    <subfield code="a">CL</subfield>
    <subfield code="b">CL</subfield>
    <subfield code="d">2023-06-21</subfield>
    <subfield code="e">4</subfield>
    <subfield code="g">2666.62</subfield>
    <subfield code="l">1</subfield>
    <subfield code="o">658.5 G7611</subfield>
    <subfield code="p">14039</subfield>
    <subfield code="q">2023-12-23</subfield>
    <subfield code="r">2023-06-26</subfield>
    <subfield code="s">2023-06-26</subfield>
    <subfield code="v">4042.79</subfield>
    <subfield code="y">BK</subfield>
  </datafield>
  <datafield tag="952" ind1=" " ind2=" ">
    <subfield code="0">0</subfield>
    <subfield code="1">0</subfield>
    <subfield code="2">ddc</subfield>
    <subfield code="4">0</subfield>
    <subfield code="6">658_500000000000000_G7611</subfield>
    <subfield code="7">0</subfield>
    <subfield code="9">51338</subfield>
    <subfield code="a">CL</subfield>
    <subfield code="b">CL</subfield>
    <subfield code="d">2023-06-26</subfield>
    <subfield code="e">4</subfield>
    <subfield code="g">2666.62</subfield>
    <subfield code="l">1</subfield>
    <subfield code="m">1</subfield>
    <subfield code="o">658.5 G7611</subfield>
    <subfield code="p">14144</subfield>
    <subfield code="r">2023-12-04</subfield>
    <subfield code="s">2023-11-16</subfield>
    <subfield code="v">4042.79</subfield>
    <subfield code="y">BK</subfield>
  </datafield>
</record>
